1119 1651 1737 1767 1689 1263 1788 1351 1070 1471 1534 1710 1049 1752 1892 1708 1408 1949 1478 1622 1676 1485 1641 1912 1816 1042 1173 1378 1760 1471 1068 1661 1538 1622 1324 1182 1130 1464 1503 1481 1758 1669 1276 1153 1176 1686 1803 1723 1956 1356 1590 1279 1205 1490 1118 1027 1495 1808 1744 1806 1586 1166 1839 1729 1234 1073 1623 1543 1096 1536 1004 1091 1259 1270 1861 1924 1568 1835 1979 1199 1648 1035 1626 1098 1611 1937 1197 1114 1928 1460 1460 1234 1473 1433 1632 1664 1906 1551 1278 BCNSPRNW ULIB Ver.6.0+V

เปลี่ยนเป็นภาษาไทย

Change to English
 แสดงรายละเอียดบรรณานุกรม
  กลับหน้าหลัก

Brief Record : Get Marc (ISO 2709) : E-mail record : QR code < ปิดหน้าต่าง
LEADER : 00000nam 2200000uu 4500
001    13399114471
003     ULIB
008    120404s2552||||th 000 0 tha d
020    ^a9786119002845
090    ^aนว.^bส655H 2552
100 0  ^aสายลมหนาว
245 00 ^aHelp me My Heart สะกิดรักสลับหัวใจ 1/^cสายลมหนาว
250    ^aพิมพ์ครั้งที่ 1
260    ^aกรุงเทพฯ :^bCHEEZE^c2552
300    ^a171 หน้า
710 1  ^aCHEEZE
945    ^p148^l0^i15947
995    ^aกัณชพร
999    ^aใช้งานได้ทุกระบบ
รายการนี้ยังไม่มีแท็ก
คุณยังไม่ได้ล็อกอิน คุณสามารถมีกิจกรรมร่วมกับเว็บไซต์ได้ แต่ต้องล็อกอินก่อน ::
  ล็อกอิน

รายการสื่อสารสนเทศ

ลำดับที่ ประเภท เลขเรียก/บาร์โค้ด สถานที่ สถานะ
1. นวนิยาย
นวนิยาย
นว. ส655H 2552  
  Barcode: 15947
ห้องสมุดวิทยาเขตสวรรค์ประชารักษ์
►นวนิยาย
บนชั้น
  ขอยืม

รายการใกล้เคียง
    ผู้แต่ง [สายลมหนาว]

BibComment


ยังไม่เคยถูกคอมเมนท์

คอมเมนท์ทรัพยากรรายการนี้
  คอมเมนท์: Help me My Heart..


 Copyright 2026. Bcnsprnw @Library